La vita economica dei popoli (Record no. 164900)

MARC details
000 -LEADER
campo de control de longitud fija 01491nam a2200253 i 4500
001 - NÚMERO DE CONTROL
campo de control 164900
003 - IDENTIFICADOR DE NÚMERO DE CONTROL
campo de control ES-MaACL
005 - FECHA Y HORA DE LA ÚLTIMA TRANSACCIÓN
campo de control 20250901102126.0
008 - DATOS DE LONGITUD FIJA--INFORMACIÓN GENERAL
campo de control de longitud fija 021010s1899 it |||| | ita d
040 ## - FUENTE DE CATALOGACIÓN
Centro catalogador/agencia de origen CCPB | B
Lengua de catalogación spa
Centro/agencia transcriptor CCPB | B
100 1# - ENTRADA PRINCIPAL--NOMBRE DE PERSONA
Nombre de persona Scherzer, Karl.
9 (RLIN) 132543
245 13 - MENCIÓN DEL TÍTULO
Título La vita economica dei popoli
Resto del título : manuale di geografia commerciale /
Mención de responsabilidad, etc. del dottore Carlo de Scherzer ; traduzione ... del dottore A. Roncali ; prefazione Formazione, struttura e vita del commercio del professore S. Cognetti de Martiis. La teorica dei cambi esteri / di Giorgio I. Goschen. Le fedi di deposito e le note di pegno (warrants) / pel Dott. Felice Hecht. Il nostro sistema di compensazione e le stanze di compensazione / per Arturo Crump. La riforma delle borse in Germania / di F. J. Pfleger e L. Gschwindt. Corsi dei cambi, monete, misure e pesi delle principali piazze del mondo.
260 ## - PUBLICACIÓN, DISTRIBUCIÓN, ETC.
Lugar de publicación, distribución, etc. Torino :
Nombre del editor, distribuidor, etc. Unione Tipografico-Editrice Torinese,
Fecha de publicación, distribución, etc. 1899.
300 ## - DESCRIPCIÓN FÍSICA
Extensión 2 v. (CXLIV, 687 ; 697 p.) ;
Dimensiones 24 cm.
490 1# - MENCIÓN DE SERIE
Mención de serie Biblioteca dell'economista : scelta collezione delle più importanti produzioni di economia politica antiche e moderne, italiane e straniere. Quarta serie ;
Designación de volumen o secuencia 2
650 #7 - PUNTO DE ACCESO ADICIONAL DE MATERIA--TÉRMINO DE MATERIA
Término de materia o nombre geográfico como elemento de entrada Economía
Fuente del encabezamiento o término embne
9 (RLIN) 12006
650 #4 - PUNTO DE ACCESO ADICIONAL DE MATERIA--TÉRMINO DE MATERIA
Término de materia o nombre geográfico como elemento de entrada Política económica.
9 (RLIN) 16293
650 #7 - PUNTO DE ACCESO ADICIONAL DE MATERIA--TÉRMINO DE MATERIA
Término de materia o nombre geográfico como elemento de entrada Comercio
Fuente del encabezamiento o término embne
9 (RLIN) 11157
700 1# - ENTRADA AGREGADA--NOMBRE PERSONAL
Nombre de persona Roncali, A.
9 (RLIN) 132047
830 00 - PUNTO DE ACCESO ADICIONAL DE SERIE-TÍTULO UNIFORME
Título uniforme Biblioteca dell economista
Designación de volumen o secuencia 2
9 (RLIN) 188577
852 ## - LOCALIZACIÓN
Ubicación ES-MaACL
Número de control de estantería B-8990-91
Nota libre -- Enc. hol.
Holdings
Estatus retirado Estado de pérdida Estado de daño No para préstamo Colección Biblioteca de origen Biblioteca actual Ubicación en estantería Fecha de adquisición Total de préstamos Signatura topográfica completa Código de barras Visto por última vez Precio de reemplazo Tipo de ítem Koha
        Libros del s. XIX Biblioteca del Ateneo de Madrid Biblioteca del Ateneo de Madrid Sala Pardo Bazán 17/01/2008   B-8990-91 1172863 23/02/2023 23/02/2023 Libro impreso antiguo